00773nam a2200193 a 450000100060000000300090000600800410001502000180005604000280007408200180010210000340012024500510015426000310020530000080023650502270024465000360047165000290050765000430053622525CO-ViMGA141112s2004 ck r 000 u spa d a9788497325684 aCO-ViMGAbspacCO-ViMGA04a330.191 F375f1 aFernández Navarrete, Donato10aFundamentos económicos de la unión europea aMadrid : bThonson, c2007 a411 aLas relaciones económcas entre los paises. los procesos de integración 3 - 20 - - El proceso de integración y el marco institucional de la unión europea. una visión general. 23 - 50 - - El mercado único 57 - 8614aEUROPA - CONDICIONES ECONOMICAS14aUNION EUROPEA - HISTORIA14aUNIóN EUROPEA - Política ECONOMICA